<?xml version='1.0' encoding='UTF-8'?>
  <record xmlns="http://www.loc.gov/MARC21/slim">
    <leader>00000cam a22000007i 4500</leader>
    <controlfield tag="001">ocm82300536</controlfield>
    <controlfield tag="003">OCoLC</controlfield>
    <controlfield tag="005">20260205062005.5</controlfield>
    <controlfield tag="008">841201s1577    sz a          000 0alatdd</controlfield>
    <datafield tag="040" ind1=" " ind2=" ">
      <subfield code="a">DNLM</subfield>
      <subfield code="b">eng</subfield>
      <subfield code="e">rda</subfield>
      <subfield code="e">dcrmr</subfield>
      <subfield code="c">HLS</subfield>
      <subfield code="d">OCLCG</subfield>
      <subfield code="d">OCLCA</subfield>
      <subfield code="d">OCLCQ</subfield>
      <subfield code="d">OCLCF</subfield>
      <subfield code="d">OCLCO</subfield>
      <subfield code="d">OCLCQ</subfield>
      <subfield code="d">OCL</subfield>
      <subfield code="d">OCLCO</subfield>
      <subfield code="d">OCLCL</subfield>
      <subfield code="d">QGJ</subfield>
    </datafield>
    <datafield tag="035" ind1=" " ind2=" ">
      <subfield code="a">(OCoLC)82300536</subfield>
    </datafield>
    <datafield tag="041" ind1="0" ind2=" ">
      <subfield code="a">lat</subfield>
      <subfield code="a">grc</subfield>
    </datafield>
    <datafield tag="043" ind1=" " ind2=" ">
      <subfield code="a">e-gw---</subfield>
    </datafield>
    <datafield tag="100" ind1="1" ind2=" ">
      <subfield code="a">Gessner, Conrad,</subfield>
      <subfield code="d">1516-1565,</subfield>
      <subfield code="e">author.</subfield>
      <subfield code="4">aut</subfield>
      <subfield code="1">https://id.oclc.org/worldcat/entity/E39PBJpdQfymhHt9KgttDQV3cP</subfield>
    </datafield>
    <datafield tag="240" ind1="1" ind2="0">
      <subfield code="a">Correspondence</subfield>
    </datafield>
    <datafield tag="245" ind1="1" ind2="0">
      <subfield code="a">Epistolarum Medicinalium, Conradi Gesneri, philosophi et medici Tigurini, libri III. :</subfield>
      <subfield code="b">His accesserunt eiusdem Aconiti primi Dioscoridis Asseueratio, &amp; De Oxymelitis Elleborati utriusq[ue] descriptione &amp; usu Libellus. /</subfield>
      <subfield code="c">Omnia nunc primùm per Casparum VVolphium Medicum Tigurinum, in lucem data.</subfield>
    </datafield>
    <datafield tag="246" ind1="3" ind2="0">
      <subfield code="a">Epistolarvm medicinalivm Conradi Gesneri, philosophi et medici Tigvrini, libri III</subfield>
    </datafield>
    <datafield tag="246" ind1="3" ind2="1">
      <subfield code="a">Epistolarum medicinalium libri III</subfield>
    </datafield>
    <datafield tag="264" ind1=" " ind2="1">
      <subfield code="a">Tiguri :</subfield>
      <subfield code="b">Excudebat Christoph. Frosch.,</subfield>
      <subfield code="c">Anno M.D.LXXVII. [1577]</subfield>
    </datafield>
    <datafield tag="300" ind1=" " ind2=" ">
      <subfield code="a">[8], 140, 28 leaves :</subfield>
      <subfield code="b">illustrations (woodcuts) ;</subfield>
      <subfield code="c">22 cm (4to)</subfield>
    </datafield>
    <datafield tag="336" ind1=" " ind2=" ">
      <subfield code="a">text</subfield>
      <subfield code="b">txt</subfield>
      <subfield code="2">rdacontent</subfield>
    </datafield>
    <datafield tag="337" ind1=" " ind2=" ">
      <subfield code="a">unmediated</subfield>
      <subfield code="b">n</subfield>
      <subfield code="2">rdamedia</subfield>
    </datafield>
    <datafield tag="338" ind1=" " ind2=" ">
      <subfield code="a">volume</subfield>
      <subfield code="b">nc</subfield>
      <subfield code="2">rdacarrier</subfield>
    </datafield>
    <datafield tag="340" ind1=" " ind2=" ">
      <subfield code="m">4to</subfield>
      <subfield code="2">rdabf</subfield>
    </datafield>
    <datafield tag="500" ind1=" " ind2=" ">
      <subfield code="a">Signatures: [alpha]-[beta]⁴, A-Z⁴, a-m⁴, Aa-Gg⁴.</subfield>
    </datafield>
    <datafield tag="500" ind1=" " ind2=" ">
      <subfield code="a">Printer's device on title page.</subfield>
    </datafield>
    <datafield tag="500" ind1=" " ind2=" ">
      <subfield code="a">"Conradi Gesneri ... De aconito primo Dioscoridis, Asseueratio. Et eiusdem, De oxymelitis elleborati vtriusqve descriptione &amp; vsu libellus." (28 leaves at end) has separate title page with printer's device and date "Anno M.D.LXXVII. [1577]".</subfield>
    </datafield>
    <datafield tag="500" ind1=" " ind2=" ">
      <subfield code="a">With three full-page woodcuts of plants.</subfield>
    </datafield>
    <datafield tag="500" ind1=" " ind2=" ">
      <subfield code="a">Small parts of the text in Greek.</subfield>
    </datafield>
    <datafield tag="500" ind1=" " ind2=" ">
      <subfield code="a">With a poem by Heinrich Wolf on folio [beta]1 verso - [beta]2 recto.</subfield>
    </datafield>
    <datafield tag="510" ind1="4" ind2=" ">
      <subfield code="a">Osler, W. Bibliotheca Osleriana,</subfield>
      <subfield code="c">647</subfield>
    </datafield>
    <datafield tag="510" ind1="4" ind2=" ">
      <subfield code="a">Catalogue of botanical books in the collection of Rachel McMasters Miller Hunt,</subfield>
      <subfield code="c">129</subfield>
    </datafield>
    <datafield tag="510" ind1="4" ind2=" ">
      <subfield code="a">Verzeichnis der im deutschen Sprachbereicherschienenen Drucke des 16. Jahrhunderts (VD 16),</subfield>
      <subfield code="c">G 1719</subfield>
      <subfield code="u">https://gateway-bayern.de/VD16+G+1719</subfield>
    </datafield>
    <datafield tag="510" ind1="4" ind2=" ">
      <subfield code="a">Adams, H.M. Catalogue of books printed on the continent of Europe, 1501-1600, in Cambridge libraries,</subfield>
      <subfield code="c">G526</subfield>
    </datafield>
    <datafield tag="510" ind1="4" ind2=" ">
      <subfield code="3">Gessner, Conrad. Aconiti primi dioscoridis asseveratio :</subfield>
      <subfield code="a">Verzeichnis der im deutschen Sprachbereicherschienenen Drucke des 16. Jahrhunderts (VD 16),</subfield>
      <subfield code="c">G 1693</subfield>
      <subfield code="u">https://gateway-bayern.de/VD16+G+1693</subfield>
    </datafield>
    <datafield tag="510" ind1="4" ind2=" ">
      <subfield code="3">Gessner, Conrad. De oxymelitis helleborati utriusque descriptione et usu :</subfield>
      <subfield code="a">Verzeichnis der im deutschen Sprachbereicherschienenen Drucke des 16. Jahrhunderts (VD 16),</subfield>
      <subfield code="c">G 1790</subfield>
      <subfield code="u">https://gateway-bayern.de/VD16+G+1790</subfield>
    </datafield>
    <datafield tag="600" ind1="1" ind2="0">
      <subfield code="a">Gessner, Conrad,</subfield>
      <subfield code="d">1516-1565</subfield>
      <subfield code="v">Correspondence.</subfield>
    </datafield>
    <datafield tag="650" ind1=" " ind2="0">
      <subfield code="a">Humanists</subfield>
      <subfield code="z">Germany</subfield>
      <subfield code="v">Correspondence.</subfield>
    </datafield>
    <datafield tag="650" ind1=" " ind2="0">
      <subfield code="a">Medicine</subfield>
      <subfield code="v">Early works to 1800.</subfield>
    </datafield>
    <datafield tag="650" ind1=" " ind2="0">
      <subfield code="a">Aconite</subfield>
      <subfield code="v">Early works to 1800.</subfield>
    </datafield>
    <datafield tag="650" ind1=" " ind2="6">
      <subfield code="a">Humanistes</subfield>
      <subfield code="z">Allemagne</subfield>
      <subfield code="v">Correspondance.</subfield>
    </datafield>
    <datafield tag="650" ind1=" " ind2="6">
      <subfield code="a">Médecine</subfield>
      <subfield code="v">Ouvrages avant 1800.</subfield>
    </datafield>
    <datafield tag="650" ind1=" " ind2="6">
      <subfield code="a">Aconit (Médicament)</subfield>
      <subfield code="v">Ouvrages avant 1800.</subfield>
    </datafield>
    <datafield tag="600" ind1="1" ind2="7">
      <subfield code="a">Gessner, Conrad,</subfield>
      <subfield code="d">1516-1565</subfield>
      <subfield code="2">fast</subfield>
      <subfield code="1">https://id.oclc.org/worldcat/entity/E39PBJpdQfymhHt9KgttDQV3cP</subfield>
    </datafield>
    <datafield tag="650" ind1=" " ind2="7">
      <subfield code="a">Aconite</subfield>
      <subfield code="2">fast</subfield>
    </datafield>
    <datafield tag="650" ind1=" " ind2="7">
      <subfield code="a">Humanists</subfield>
      <subfield code="2">fast</subfield>
    </datafield>
    <datafield tag="650" ind1=" " ind2="7">
      <subfield code="a">Medicine</subfield>
      <subfield code="2">fast</subfield>
    </datafield>
    <datafield tag="651" ind1=" " ind2="7">
      <subfield code="a">Germany</subfield>
      <subfield code="2">fast</subfield>
      <subfield code="1">https://id.oclc.org/worldcat/entity/E39PBJtCD3rcKcPDx6FHmjvrbd</subfield>
    </datafield>
    <datafield tag="655" ind1=" " ind2="7">
      <subfield code="a">Early works</subfield>
      <subfield code="2">fast</subfield>
    </datafield>
    <datafield tag="655" ind1=" " ind2="7">
      <subfield code="a">Personal correspondence</subfield>
      <subfield code="2">fast</subfield>
    </datafield>
    <datafield tag="700" ind1="1" ind2=" ">
      <subfield code="a">Wolf, Hans Kaspar,</subfield>
      <subfield code="d">1532-1601,</subfield>
      <subfield code="e">editor,</subfield>
      <subfield code="e">author of introduction, etc.</subfield>
      <subfield code="4">edt</subfield>
      <subfield code="4">aui</subfield>
      <subfield code="1">https://id.oclc.org/worldcat/entity/E39PBJmP9MwCg8PqpYjhhHxYyd</subfield>
    </datafield>
    <datafield tag="700" ind1="1" ind2=" ">
      <subfield code="a">Wolf, Heinrich,</subfield>
      <subfield code="d">1551-1594,</subfield>
      <subfield code="e">contributor.</subfield>
      <subfield code="4">ctb</subfield>
      <subfield code="1">https://id.oclc.org/worldcat/entity/E39PBJv8JFw7HbQr7GP8cRrwmd</subfield>
    </datafield>
    <datafield tag="700" ind1="1" ind2=" ">
      <subfield code="a">Froschauer, Christoph,</subfield>
      <subfield code="d">1532-1585,</subfield>
      <subfield code="e">printer.</subfield>
      <subfield code="4">prt</subfield>
      <subfield code="1">https://id.oclc.org/worldcat/entity/E39PBJyhbg4ftXTbqr8vxcQyVC</subfield>
    </datafield>
    <datafield tag="740" ind1="0" ind2="2">
      <subfield code="a">Aconiti primi dioscoridis asseveratio</subfield>
    </datafield>
    <datafield tag="740" ind1="0" ind2="2">
      <subfield code="a">De oxymelitis helleborati utriusque descriptione et usu</subfield>
    </datafield>
    <datafield tag="752" ind1=" " ind2=" ">
      <subfield code="a">Switzerland</subfield>
      <subfield code="d">Zurich,</subfield>
      <subfield code="e">place of publication.</subfield>
      <subfield code="4">pup</subfield>
    </datafield>
    <datafield tag="758" ind1=" " ind2=" ">
      <subfield code="i">has work:</subfield>
      <subfield code="a">Epistolarum medicinalium libri (Text)</subfield>
      <subfield code="1">https://id.oclc.org/worldcat/entity/E39PCGMcWQ7QQp7rmyTdDtQFyq</subfield>
      <subfield code="4">https://id.oclc.org/worldcat/ontology/hasWork</subfield>
    </datafield>
  </record>